Top Chocolate Growing Countries - Statistics

General Stats
  • This quiz has been taken 61,535 times
    16,831 since last reset
  • The average score is 12 of 16
Answer Stats
Metric tons Country % Correct
296,145 Brazil
96%
59,831 Colombia
91%
166,709 Peru
86%
29,359 Venezuela
84%
29,047 Mexico
83%
35,000 D. R. Congo
79%
375,719 Ecuador
79%
284,232 Nigeria
79%
30,000 India
76%
641,741 Indonesia
74%
653,700 Ghana
70%
2,377,442 Ivory Coast
62%
295,819 Cameroon
61%
65,930 Dominican Republic
56%
43,200 Papua New Guinea
47%
35,000 Uganda
45%
No matching quizzes found
Score Distribution
Percent of People with Each Score
Percentile by Number Answered
Your Score History
You have not taken this quiz since the last reset